In the beginning ... : (Record no. 11065)

MARC details
000 -LEADER
fixed length control field 00826nam a22002412 4500
001 - CONTROL NUMBER
control field 0000012010
005 - DATE AND TIME OF LATEST TRANSACTION
control field 20151217154414.0
008 - FIXED-LENGTH DATA ELEMENTS--GENERAL INFORMATION
fixed length control field 090125s xx 000 0 eng d
020 ## - INTERNATIONAL STANDARD BOOK NUMBER
International Standard Book Number 0860124061 :
040 ## - CATALOGING SOURCE
Original cataloging agency KABU
Transcribing agency KABU
100 1# - MAIN ENTRY--PERSONAL NAME
Personal name Ratzinger, Joseph, Cardinal.
-- 0000168169
245 10 - TITLE STATEMENT
Title In the beginning ... :
Remainder of title a Catholic understanding of creation and the fall /
Statement of responsibility, etc. Cardinal Joseph Ratzinger; translated by Boniface Ramsey.
250 ## - EDITION STATEMENT
Edition statement 1st ed.
260 ## - PUBLICATION, DISTRIBUTION, ETC. (IMPRINT)
Place of publication, distribution, etc. London :
Name of publisher, distributor, etc. Continuum,
Date of publication, distribution, etc. 1995.
300 ## - PHYSICAL DESCRIPTION
Extent xii, 100 p.
610 20 - SUBJECT ADDED ENTRY--CORPORATE NAME
Corporate name or jurisdiction name as entry element Catholic Church
General subdivision Sermons.
-- 0000168170
650 #0 - SUBJECT ADDED ENTRY--TOPICAL TERM
Topical term or geographic name as entry element Creation
General subdivision Sermons.
-- 0000168171
650 #0 - SUBJECT ADDED ENTRY--TOPICAL TERM
Topical term or geographic name as entry element Fall of man
General subdivision Sermons.
-- 0000168172
700 1# - ADDED ENTRY--PERSONAL NAME
Personal name Benedict XVI.
-- 0000168173
852 1# - LOCATION
-- p1499 KES
908 ## - PUT COMMAND PARAMETER (RLIN)
Put command parameter 090125
950 ## - LOCAL HOLDINGS (RLIN)
-- 1
Holdings
Withdrawn status Lost status Source of classification or shelving scheme Not for loan Home library Current library Date acquired Total Checkouts Full call number Barcode Date last seen Date last checked out Price effective from Koha item type
    Library of Congress Classification   Kabarak, Main Campus Kabarak, Main Campus 17/12/2015 2 BS651 .R38 1995 c. 1 16280 02/08/2024 11/12/2018 17/12/2015 General Collection
Designed with assistance from East African Informatics Ltd